[Event "27.Schlosspark-Open"]
[Site "Wiesbaden-Biebrich"]
[Date "2015.08.29"]
[Round "4.1"]
[White "Khenkin, Igor"]
[Black "Harff, Marcel"]
[Result "1/2-1/2"]
[WhiteElo "2596"]
[BlackElo "2313"]
[PlyCount "53"]
[EventDate "2015.??.??"]
[WhiteTeam "SG Porz"]
[BlackTeam "SG Hochneukirch"]

1. d4 Nf6 2. c4 e6 3. Nc3 Bb4 4. f3 c5 5. d5 Bxc3+ 6. bxc3 d6 7. e4 e5 8. Bd3
O-O 9. h4 a6 10. a4 Ne8 11. g4 Nc7 12. Ne2 Nd7 13. Ng3 Rb8 14. Qe2 Re8 15. g5
Nf8 16. h5 g6 17. Kf2 b6 18. Kg2 Bd7 19. f4 b5 20. axb5 axb5 21. fxe5 dxe5 22.
Rf1 bxc4 23. Bxc4 Bb5 24. Ra7 Re7 25. Be3 Bxc4 26. Qxc4 Nxd5 27. exd5 1/2-1/2

[Event "27.Schlosspark-Open"]
[Site "Wiesbaden-Biebrich"]
[Date "2015.08.29"]
[Round "4.2"]
[White "Boidman, Yuri"]
[Black "Ikonnikov, Vyacheslav"]
[Result "1/2-1/2"]
[WhiteElo "2337"]
[BlackElo "2519"]
[PlyCount "29"]
[EventDate "2015.??.??"]
[WhiteTeam "SC Heimbach-Weis"]
[BlackTeam "SF Bad Mergentheim"]

1. e4 e6 2. d4 c5 3. d5 a6 4. c4 exd5 5. exd5 d6 6. Nf3 Nf6 7. Nc3 Be7 8. Bd3
Bg4 9. h3 Bh5 10. O-O O-O 11. Re1 Nbd7 12. Bf4 Re8 13. g4 Bg6 14. Bxg6 hxg6 15.
Qd2 1/2-1/2

[Event "27.Schlosspark-Open"]
[Site "Wiesbaden-Biebrich"]
[Date "2015.08.29"]
[Round "4.3"]
[White "Carlstedt, Jonathan"]
[Black "Ress, Tamas"]
[Result "1/2-1/2"]
[WhiteElo "2463"]
[BlackElo "2280"]
[PlyCount "66"]
[EventDate "2015.??.??"]
[WhiteTeam "Hamburger SK"]
[BlackTeam "Wiesbadener SV"]

1. c4 e6 2. g3 d5 3. Bg2 c6 4. Nf3 f5 5. O-O Nf6 6. d3 Bd6 7. Nc3 O-O 8. e4 Bc7
9. cxd5 cxd5 10. e5 Nfd7 11. d4 a6 12. a4 Nc6 13. Ng5 Nb6 14. b3 h6 15. Nh3 Bd7
16. Nf4 Kh7 17. Ba3 Rg8 18. Re1 Qe8 19. a5 Nc8 20. b4 N8e7 21. Bf3 b6 22. Rc1
bxa5 23. b5 axb5 24. Nxb5 Bb6 25. Nd6 Qd8 26. Bc5 Bxc5 27. Nb7 Qe8 28. Nxc5 Nd8
29. Re3 Nec6 30. Ra3 Qe7 31. Qd3 Rb8 32. Qe3 Rb4 33. Rd3 Rb2 1/2-1/2

[Event "27.Schlosspark-Open"]
[Site "Wiesbaden-Biebrich"]
[Date "2015.08.29"]
[Round "4.4"]
[White "Kersten, Uwe"]
[Black "Kollars, Dmitrij"]
[Result "0-1"]
[WhiteElo "2300"]
[BlackElo "2437"]
[PlyCount "78"]
[EventDate "2015.??.??"]
[WhiteTeam "Kasseler SK"]
[BlackTeam "Delmenhorster SK"]

1. e4 e5 2. Bc4 Nf6 3. d3 Nc6 4. Nc3 Na5 5. Qf3 Nxc4 6. dxc4 Be7 7. Nge2 d6 8.
h3 Be6 9. b3 c6 10. Bb2 Qc7 11. Ng3 O-O 12. O-O a6 13. Nf5 Bxf5 14. Qxf5 b5 15.
cxb5 axb5 16. a4 bxa4 17. Rxa4 Rxa4 18. Nxa4 c5 19. Nc3 c4 20. bxc4 Qxc4 21.
Qf3 Rb8 22. Bc1 h6 23. Rd1 Rc8 24. Bd2 Bd8 25. Be1 Qc6 26. Rd3 Bb6 27. Kh2 Bd4
28. Qe2 Qa6 29. Nd1 d5 30. exd5 Nxd5 31. g3 Qa2 32. Rd2 Nc3 33. Qg4 Ra8 34. f4
Ne4 35. Rg2 Nf6 36. Qf5 Qa1 37. Rd2 e4 38. Qb5 e3 39. Rd3 e2 0-1

[Event "27.Schlosspark-Open"]
[Site "Wiesbaden-Biebrich"]
[Date "2015.08.29"]
[Round "4.5"]
[White "Grimm, Julius"]
[Black "Malek, Daniel"]
[Result "0-1"]
[WhiteElo "2201"]
[BlackElo "2398"]
[PlyCount "132"]
[EventDate "2015.??.??"]
[WhiteTeam "Schachforum Darmstadt"]
[BlackTeam "Wiesbadener SV"]

1. d4 Nf6 2. c4 e6 3. Nc3 Bb4 4. e3 O-O 5. Bd3 d5 6. Nf3 dxc4 7. Bxc4 c5 8. O-O
cxd4 9. exd4 b6 10. Bg5 Bb7 11. Re1 Nbd7 12. Rc1 Rc8 13. Qb3 Be7 14. Bxf6 Bxf6
15. Ne4 Qc7 16. Rc3 Qf4 17. Rce3 Bxe4 18. Rxe4 Qc7 19. Bb5 g6 20. Qe3 Bg7 21.
Bxd7 Qxd7 22. h4 Qd5 23. Qa3 a5 24. Ne5 Rc7 25. h5 Rfc8 26. hxg6 hxg6 27. R1e3
Bf6 28. Qb3 b5 29. Qd3 Kg7 30. Rg4 Rh8 31. f3 Bxe5 32. Rxe5 Qxa2 33. Rxb5 Qa1+
34. Kf2 Rh1 35. Re4 Qg1+ 36. Kg3 Qh2+ 37. Kf2 Rg1 38. Rg5 Rgc1 39. Rc5 R7xc5
40. dxc5 Qg1+ 41. Kg3 Rxc5 42. Qd4+ Qxd4 43. Rxd4 Rb5 44. Rd2 Kf6 45. Rc2 g5
46. Re2 Ke7 47. Kg4 Kf6 48. Kg3 Kf5 49. Kf2 e5 50. g4+ Ke6 51. Ke3 Rb3+ 52. Ke4
Rb4+ 53. Ke3 Kd5 54. Rc2 Rb3+ 55. Ke2 e4 56. fxe4+ Kxe4 57. Rc4+ Kd5 58. Rc2 a4
59. Kf2 f6 60. Re2 Rb4 61. Kf3 Rf4+ 62. Kg3 Kc4 63. Re3 Kb4 64. Re6 Kb3 65. Re2
f5 66. gxf5 Rxf5 0-1

[Event "27.Schlosspark-Open"]
[Site "Wiesbaden-Biebrich"]
[Date "2015.08.29"]
[Round "4.6"]
[White "Levin, Felix"]
[Black "Pienski, Olaf"]
[Result "1-0"]
[WhiteElo "2503"]
[BlackElo "2105"]
[PlyCount "63"]
[EventDate "2015.??.??"]
[WhiteTeam "SV Mülheim-Nord"]
[BlackTeam "SF Leherheide"]

1. d4 d5 2. c4 e6 3. Nf3 Nf6 4. g3 dxc4 5. Bg2 Bb4+ 6. Bd2 a5 7. a3 Be7 8. Qa4+
Bd7 9. Qxc4 Bc6 10. Nc3 O-O 11. Qd3 Nbd7 12. O-O Rb8 13. Qc2 Bxf3 14. Bxf3 Nb6
15. e3 c6 16. Rfd1 Bd6 17. e4 Bc7 18. e5 Nfd5 19. Ne4 Nd7 20. Ng5 g6 21. Qe4
Qe7 22. Qh4 f6 23. exf6 N7xf6 24. Re1 e5 25. dxe5 Nd7 26. Bxd5+ cxd5 27. Qd4
Bb6 28. Qxd5+ Kh8 29. Nh3 Nc5 30. e6 Na4 31. Qe4 Rbd8 32. Bg5 1-0

[Event "27.Schlosspark-Open"]
[Site "Wiesbaden-Biebrich"]
[Date "2015.08.29"]
[Round "4.7"]
[White "Müller, Philipp"]
[Black "Poetsch, Hagen"]
[Result "0-1"]
[WhiteElo "2095"]
[BlackElo "2498"]
[PlyCount "50"]
[EventDate "2015.??.??"]
[WhiteTeam "SC Neckarsulm"]
[BlackTeam "SF Schöneck"]

1. e4 d5 2. exd5 Qxd5 3. Nc3 Qa5 4. d4 Nf6 5. Bc4 Bg4 6. f3 Bf5 7. Qe2 Nc6 8.
Bb5 O-O-O 9. Bxc6 bxc6 10. Qc4 e5 11. dxe5 Nd5 12. Nge2 Bc5 13. a3 Rhe8 14. b4
Bxb4 15. axb4 Qxa1 16. O-O Nxc3 17. Nxc3 Rxe5 18. Kf2 Be6 19. Qxc6 Rd6 20. Qe8+
Kb7 21. Ne4 Rxe4 22. fxe4 Bc4 23. Re1 Rf6+ 24. Kg3 Qc3+ 25. Re3 Qxc2 0-1

[Event "27.Schlosspark-Open"]
[Site "Wiesbaden-Biebrich"]
[Date "2015.08.29"]
[Round "4.8"]
[White "Geske, Julian"]
[Black "Haas, Frank-Martin"]
[Result "1-0"]
[WhiteElo "2398"]
[BlackElo "2151"]
[PlyCount "52"]
[EventDate "2015.??.??"]
[WhiteTeam "Wiesbadener SV"]
[BlackTeam "SV Walldorf"]

1. e4 d5 2. exd5 Qxd5 3. Nc3 Qa5 4. d4 Nf6 5. Nf3 c6 6. Bc4 Bf5 7. Bd2 e6 8.
Nd5 Qd8 9. Nxf6+ Qxf6 10. Qe2 Bg4 11. d5 Bxf3 12. gxf3 cxd5 13. Bxd5 Nd7 14.
O-O-O O-O-O 15. Be4 Qe5 16. f4 Qc7 17. f5 e5 18. Rhg1 Nc5 19. Bh1 g6 20. Rg3
Bg7 21. b4 Na4 22. Ra3 Qd7 23. f6 Bf8 24. Bf3 Kb8 25. Qe4 Nb6 26. Be3 Bd6 1-0

[Event "27.Schlosspark-Open"]
[Site "Wiesbaden-Biebrich"]
[Date "2015.08.29"]
[Round "4.9"]
[White "Leidorf, Sebastian"]
[Black "Keller, Peter"]
[Result "0-1"]
[WhiteElo "2069"]
[BlackElo "2319"]
[PlyCount "38"]
[EventDate "2015.??.??"]
[WhiteTeam "SV Bergwinkel"]
[BlackTeam "Frankfurter TV"]

1. c4 c6 2. g3 d5 3. Bg2 Nf6 4. Nf3 dxc4 5. O-O Nbd7 6. Qc2 Nb6 7. a4 a5 8. Na3
Be6 9. Ng5 Bg4 10. f3 Bh5 11. Nxc4 e5 12. Kh1 Nfd7 13. Ne4 Nxc4 14. Qxc4 Be7
15. b3 f5 16. Nc3 Nc5 17. e4 Bf7 18. Qe2 Nxb3 19. Rb1 Qd4 0-1

[Event "27.Schlosspark-Open"]
[Site "Wiesbaden-Biebrich"]
[Date "2015.08.29"]
[Round "4.10"]
[White "Haag, Martin"]
[Black "Tran, Thanh Kien"]
[Result "1/2-1/2"]
[WhiteElo "2316"]
[BlackElo "2082"]
[PlyCount "22"]
[EventDate "2015.??.??"]
[WhiteTeam "SC Bonn Beuel"]
[BlackTeam "SC Böblingen"]

1. c4 Nf6 2. Nc3 d5 3. cxd5 Nxd5 4. d4 g6 5. e4 Nxc3 6. bxc3 Bg7 7. Bg5 O-O 8.
Rc1 c5 9. d5 Qd6 10. Nf3 f5 11. exf5 Bxf5 1/2-1/2

[Event "27.Schlosspark-Open"]
[Site "Wiesbaden-Biebrich"]
[Date "2015.08.29"]
[Round "4.11"]
[White "Nasshan, Dennis"]
[Black "Kregelin, Jan"]
[Result "1/2-1/2"]
[WhiteElo "2259"]
[BlackElo "2093"]
[PlyCount "60"]
[EventDate "2015.??.??"]
[WhiteTeam "SV Worms"]
[BlackTeam "FVS ASP Hoyerswerda"]

1. Nf3 d5 2. d4 e6 3. c4 f5 4. g3 Nf6 5. Bg2 c6 6. O-O Bd6 7. b3 O-O 8. Ba3
Bxa3 9. Nxa3 Qe7 10. Nb1 Bd7 11. Qc1 Be8 12. Ne5 Nbd7 13. Nxd7 Nxd7 14. Qa3
Qxa3 15. Nxa3 Bh5 16. Rfe1 Nf6 17. e3 g5 18. Nc2 Ne4 19. cxd5 exd5 20. f4 gxf4
21. Bxe4 fxe4 22. exf4 Bg4 23. Kg2 h5 24. Ne3 Bf3+ 25. Kf2 a5 26. a3 Kf7 27.
Nf5 Kf6 28. Nh4 Bg4 29. Rac1 Rac8 30. Rc2 Rfe8 1/2-1/2

[Event "27.Schlosspark-Open"]
[Site "Wiesbaden-Biebrich"]
[Date "2015.08.29"]
[Round "4.12"]
[White "Kreiling, Carsten"]
[Black "Bingert, Tim Niklas"]
[Result "1/2-1/2"]
[WhiteElo "2072"]
[BlackElo "2253"]
[PlyCount "64"]
[EventDate "2015.??.??"]
[WhiteTeam "SVG Eppstein"]
[BlackTeam "SV Hofheim"]

1. d4 Nf6 2. c4 g6 3. Nc3 Bg7 4. e4 O-O 5. Be3 d6 6. f3 c5 7. d5 e6 8. Qd2 exd5
9. cxd5 Re8 10. Bd3 Nbd7 11. Nge2 Ne5 12. O-O a6 13. a4 Bd7 14. a5 Nxd3 15.
Qxd3 Bb5 16. Nxb5 axb5 17. b4 b6 18. axb6 Rxa1 19. Rxa1 c4 20. Qa3 Nxd5 21. Rd1
Nxe3 22. Qxe3 f5 23. b7 Qc7 24. Qa7 Rb8 25. exf5 Rxb7 26. Qa8+ Qb8 27. Qxb8+
Rxb8 28. fxg6 hxg6 29. Rxd6 Bf8 30. Rxg6+ Kf7 31. Rc6 Bxb4 32. Nd4 Ba5 1/2-1/2

[Event "27.Schlosspark-Open"]
[Site "Wiesbaden-Biebrich"]
[Date "2015.08.29"]
[Round "4.13"]
[White "Nagel, Bernhard"]
[Black "Brechlin, Olaf"]
[Result "1-0"]
[WhiteElo "2192"]
[BlackElo "1988"]
[PlyCount "27"]
[EventDate "2015.??.??"]
[WhiteTeam "Wiesbadener SV"]
[BlackTeam "FVS ASP Hoyerswerda"]

1. d4 d5 2. c4 Nc6 3. Nc3 dxc4 4. Nf3 Bg4 5. d5 Bxf3 6. exf3 Ne5 7. Bf4 Nd3+ 8.
Bxd3 cxd3 9. Nb5 e5 10. dxe6 Bb4+ 11. Kf1 Ba5 12. Qa4 c6 13. Nd6+ Kf8 14. Nxb7
1-0

[Event "27.Schlosspark-Open"]
[Site "Wiesbaden-Biebrich"]
[Date "2015.08.29"]
[Round "4.14"]
[White "Mütsch, Annmarie"]
[Black "Minor, Samuel"]
[Result "0-1"]
[WhiteElo "1914"]
[BlackElo "2160"]
[PlyCount "90"]
[EventDate "2015.??.??"]
[WhiteTeam "SC Eppingen"]
[BlackTeam "Wiesbadener SV"]

1. e4 c5 2. Nf3 Nc6 3. d4 cxd4 4. Nxd4 Qb6 5. Nb3 Nf6 6. Nc3 e6 7. Be3 Qc7 8.
a3 a6 9. f4 d6 10. Be2 b5 11. Bf3 Bb7 12. O-O Be7 13. Qe1 O-O 14. Qg3 Rfe8 15.
f5 b4 16. axb4 Nxb4 17. Rf2 e5 18. Bh6 Bf8 19. Bg5 Nd7 20. f6 g6 21. Qh4 Rad8
22. Bg4 d5 23. Rf3 dxe4 24. Rh3 h6 25. Bxh6 Bxh6 26. Qxh6 Qb6+ 27. Kh1 Qxf6 28.
Bxd7 Rxd7 29. Nc5 Red8 30. Nxd7 Rxd7 31. Qh7+ Kf8 32. Qh6+ Ke7 33. Qc1 Qf4 34.
Na4 Rd2 35. Nc5 Bc6 36. Nb3 Rxc2 37. Qxf4 exf4 38. Rc3 e3 39. Nd4 Bxg2+ 40. Kg1
Rxb2 41. Raa3 Bd5 42. Rc1 Rg2+ 43. Kf1 Rxh2 44. Rcc3 Kd6 45. Ra4 Rb2 0-1

[Event "27.Schlosspark-Open"]
[Site "Wiesbaden-Biebrich"]
[Date "2015.08.29"]
[Round "4.17"]
[White "Pioch, Thomas"]
[Black "Modric, Vladimir"]
[Result "1/2-1/2"]
[WhiteElo "2157"]
[BlackElo "1911"]
[PlyCount "24"]
[EventDate "2015.??.??"]
[WhiteTeam "SF Mainz"]
[BlackTeam "SC Nied"]

1. Nf3 e6 2. g3 f5 3. Bg2 Nf6 4. d3 Be7 5. Nbd2 d6 6. e4 e5 7. exf5 Bxf5 8. Nh4
Bc8 9. O-O O-O 10. Nc4 Nc6 11. c3 Be6 12. b4 Qd7 1/2-1/2

[Event "27.Schlosspark-Open"]
[Site "Wiesbaden-Biebrich"]
[Date "2015.08.29"]
[Round "4.18"]
[White "Achtmann, Armin"]
[Black "Puschendorf, Steffen"]
[Result "1-0"]
[WhiteElo "1928"]
[BlackElo "2130"]
[PlyCount "95"]
[EventDate "2015.??.??"]
[WhiteTeam "TuS Dotzheim"]
[BlackTeam "ESV Gera"]

1. b4 d5 2. Bb2 Nf6 3. Nf3 c6 4. e3 Bg4 5. Be2 Nbd7 6. O-O Bxf3 7. Bxf3 e5 8.
a3 Bd6 9. d3 O-O 10. Nd2 Qe7 11. c4 Rad8 12. g3 Rfe8 13. Bg2 Qe6 14. e4 dxe4
15. dxe4 Bc7 16. Qe2 Nf8 17. Rfd1 h5 18. h4 Ng4 19. Bh3 Qg6 20. Bxg4 hxg4 21.
Nf1 Ne6 22. Ne3 Qxe4 23. Qxg4 Qxg4 24. Nxg4 Nd4 25. Bxd4 exd4 26. Ra2 b6 27.
Nh2 c5 28. b5 Re6 29. Nf3 Rde8 30. Kf1 f5 31. Re1 Re4 32. Rae2 d3 33. Rxe4 Rxe4
34. Nd2 Re5 35. Nf3 Re4 36. Nd2 Rxe1+ 37. Kxe1 Be5 38. Nf3 Bc3+ 39. Kd1 f4 40.
g4 Kf7 41. Ne1 Bf6 42. h5 Bd4 43. f3 Kf6 44. Nxd3 Kg5 45. Ke2 g6 46. hxg6 Bc3
47. Nf2 Kxg6 48. Kd3 1-0

[Event "27.Schlosspark-Open"]
[Site "Wiesbaden-Biebrich"]
[Date "2015.08.29"]
[Round "4.19"]
[White "Pfeffer, Marko"]
[Black "Krastev, Alexander"]
[Result "1-0"]
[WhiteElo "2124"]
[BlackElo "1900"]
[PlyCount "37"]
[EventDate "2015.??.??"]
[WhiteTeam "SC Bergen-Enkheim"]
[BlackTeam "Biebertaler SF"]

1. e4 e5 2. Nf3 Nc6 3. Nc3 Nf6 4. d4 exd4 5. Nxd4 Bb4 6. Nxc6 bxc6 7. Bd3 d5 8.
exd5 cxd5 9. O-O O-O 10. Bg5 c6 11. h3 Bd6 12. Qf3 h6 13. Bf4 Rb8 14. b3 Re8
15. Na4 Ne4 16. Rfe1 f5 17. c4 Ba6 18. Bxd6 Qxd6 19. c5 1-0

[Event "27.Schlosspark-Open"]
[Site "Wiesbaden-Biebrich"]
[Date "2015.08.29"]
[Round "4.20"]
[White "Schmitt, Clemens"]
[Black "Busche, Stefan"]
[Result "1/2-1/2"]
[WhiteElo "1895"]
[BlackElo "2117"]
[PlyCount "98"]
[EventDate "2015.??.??"]
[WhiteTeam "SV Bergwinkel"]
[BlackTeam "SVG Saarbrücken"]

1. c4 Nf6 2. g3 c6 3. Bg2 d5 4. Nf3 Bg4 5. Ne5 Be6 6. cxd5 Bxd5 7. Nf3 c5 8.
Nc3 Bc6 9. O-O e6 10. d3 Be7 11. e4 O-O 12. Re1 b5 13. Qc2 b4 14. e5 bxc3 15.
exf6 Bxf6 16. bxc3 Nd7 17. d4 cxd4 18. Ng5 Bxg5 19. Bxc6 Bf6 20. Bxa8 Qxa8 21.
cxd4 Bxd4 22. Bb2 Rc8 23. Qd2 Bxb2 24. Qxb2 Nb6 25. Rab1 Qd5 26. Re5 Qd8 27.
Re2 Qc7 28. Qb5 g6 29. Qe5 Qc4 30. Reb2 Qd3 31. Rb3 Qc4 32. Qe3 Qc2 33. a4 Nxa4
34. Rb8 Nb6 35. Rc1 Qxc1+ 36. Qxc1 Rxb8 37. Qc7 Ra8 38. Qb7 h5 39. h4 Kg7 40.
Kg2 Kg8 41. Kf3 Kg7 42. Ke4 Rd8 43. Qxa7 Nd5 44. Qa1+ Kg8 45. Qe5 Rc8 46. Kd4
Ne7 47. Ke3 Nd5+ 48. Kd4 Ne7 49. Ke3 Nd5+ 1/2-1/2

[Event "27.Schlosspark-Open"]
[Site "Wiesbaden-Biebrich"]
[Date "2015.08.29"]
[Round "4.21"]
[White "Carow, Annelen"]
[Black "Lang, Micha"]
[Result "1/2-1/2"]
[WhiteElo "2114"]
[BlackElo "1885"]
[PlyCount "76"]
[EventDate "2015.??.??"]
[WhiteTeam "SF Heidesheim"]
[BlackTeam "SC Weiterstadt"]

1. d4 Nf6 2. c4 e6 3. Nc3 Bb4 4. Qc2 d5 5. cxd5 exd5 6. Bg5 h6 7. Bxf6 Qxf6 8.
a3 Bxc3+ 9. Qxc3 O-O 10. Nf3 c6 11. e3 a5 12. Rc1 a4 13. Be2 Re8 14. Ne5 Qg5
15. O-O Bh3 16. Bf3 Nd7 17. Nxd7 Bxd7 18. Qb4 Bc8 19. Kh1 Qe7 20. Qd2 Qd8 21.
Be2 Bf5 22. Rc5 Re6 23. Qd1 Qg5 24. Bd3 Rg6 25. Rg1 Re8 26. Bxf5 Qxf5 27. Qd2
Ree6 28. f3 Qg5 29. Rc3 Qe7 30. Re1 f5 31. g3 Rgf6 32. Rd1 Qe8 33. Qf2 Re7 34.
Kg1 Rfe6 35. Rdd3 g6 36. Qd2 Kg7 37. Kf2 g5 38. Rc2 Kg6 1/2-1/2

[Event "27.Schlosspark-Open"]
[Site "Wiesbaden-Biebrich"]
[Date "2015.08.29"]
[Round "4.22"]
[White "Muckle, Julius"]
[Black "Eg, Karlheinz"]
[Result "1-0"]
[WhiteElo "2101"]
[BlackElo "1869"]
[PlyCount "65"]
[EventDate "2015.??.??"]
[WhiteTeam "SK Ludwigshafen"]
[BlackTeam "SV Rüsselsheim"]

1. d4 Nf6 2. c4 g6 3. Nc3 d5 4. Bg5 c6 5. Bxf6 exf6 6. cxd5 cxd5 7. Qb3 Be6 8.
e4 dxe4 9. Qxb7 Nd7 10. Qxe4 Be7 11. Bb5 O-O 12. Nge2 Bf5 13. Qf3 Rb8 14. O-O
Qa5 15. Bxd7 Bxd7 16. Nd5 Rfe8 17. Nec3 Kg7 18. Nxe7 Rxe7 19. b4 Qa3 20. Rab1
Bf5 21. Rb3 Qa6 22. b5 Qd6 23. g4 Bc8 24. d5 Qd7 25. h3 Re5 26. Ne4 Rb6 27. d6
f5 28. Qc3 f6 29. Nxf6 Kxf6 30. f4 Kf7 31. fxe5 Bb7 32. gxf5 gxf5 33. Qc4+ 1-0

[Event "27.Schlosspark-Open"]
[Site "Wiesbaden-Biebrich"]
[Date "2015.08.29"]
[Round "4.23"]
[White "Körbel, Ekkehard"]
[Black "Bader, Dominic"]
[Result "1/2-1/2"]
[WhiteElo "1871"]
[BlackElo "2100"]
[PlyCount "47"]
[EventDate "2015.??.??"]
[WhiteTeam "SK Geisenheim"]
[BlackTeam "SG Büchenbach/Roth"]

1. e4 c5 2. Nc3 Nc6 3. g3 g6 4. Bg2 Bg7 5. d3 d6 6. Nh3 Bd7 7. O-O Rb8 8. Rb1
b5 9. Be3 Qa5 10. f4 b4 11. Ne2 Nf6 12. Nf2 O-O 13. h3 h5 14. Qd2 Kh7 15. a3
bxa3 16. Qxa5 Nxa5 17. bxa3 Ba4 18. Bd2 Nc6 19. Nc3 Bxc2 20. Rxb8 Nxb8 21. Rc1
Bb3 22. Rb1 c4 23. dxc4 Bxc4 24. Rb7 1/2-1/2

[Event "27.Schlosspark-Open"]
[Site "Wiesbaden-Biebrich"]
[Date "2015.08.29"]
[Round "4.24"]
[White "Bolduan, Michael"]
[Black "Karsay, Pascal"]
[Result "1-0"]
[WhiteElo "1867"]
[BlackElo "2071"]
[PlyCount "120"]
[EventDate "2015.??.??"]
[WhiteTeam "SC Taunusstein"]
[BlackTeam "Vorw.Orient Mainz"]

1. Nf3 Nf6 2. b3 g6 3. Bb2 Bg7 4. e3 O-O 5. d4 d6 6. Nbd2 Nbd7 7. Bc4 c6 8. O-O
Qc7 9. e4 b5 10. Bd3 Bb7 11. c4 b4 12. Re1 e5 13. Rc1 exd4 14. Bxd4 Nc5 15.
Bxc5 dxc5 16. Qe2 Rfe8 17. Qe3 Rad8 18. Rcd1 Ng4 19. Qe2 Rd7 20. h3 Ne5 21. Bb1
Red8 22. Nf1 Nxf3+ 23. Qxf3 Bc3 24. Rxd7 Qxd7 25. Rc1 Bc8 26. Ne3 Qe7 27. Rd1
Rxd1+ 28. Qxd1 Qd7 29. Qxd7 Bxd7 30. f4 Be1 31. Kf1 Bg3 32. f5 Kg7 33. Ke2 Be5
34. Bd3 Bd4 35. Nf1 Kf6 36. fxg6 hxg6 37. Kf3 Ke5 38. Ng3 Bc8 39. Ne2 a5 40. h4
Be6 41. g4 f6 42. h5 gxh5 43. gxh5 Bf7 44. Kg4 Be3 45. Bc2 a4 46. Bd3 a3 47.
Bc2 Be6+ 48. Kf3 Bh6 49. Bd3 Bh3 50. Ng1 Bd7 51. Ne2 Be8 52. Kg4 Bg5 53. Bc2
Bd7+ 54. Kf3 Ke6 55. Nf4+ Kd6 56. Nd3 Bh6 57. Bd1 f5 58. e5+ Kc7 59. Nf4 Be8
60. Bc2 Bg7 1-0

[Event "27.Schlosspark-Open"]
[Site "Wiesbaden-Biebrich"]
[Date "2015.08.29"]
[Round "4.25"]
[White "Hoffmann, Jens"]
[Black "Berberich, Christoph"]
[Result "1/2-1/2"]
[WhiteElo "1852"]
[BlackElo "2059"]
[PlyCount "73"]
[EventDate "2015.??.??"]
[WhiteTeam "SF HN-Biberach"]
[BlackTeam "SF Zähringen"]

1. e4 c5 2. Nf3 Nc6 3. c4 g6 4. d4 cxd4 5. Nxd4 Bg7 6. Be3 d6 7. Nc3 Nf6 8. f3
O-O 9. Be2 Bd7 10. O-O Nxd4 11. Bxd4 Bc6 12. b4 b6 13. Nd5 Bxd5 14. cxd5 a5 15.
Bb5 axb4 16. Qd2 Nd7 17. Bxg7 Kxg7 18. Bc6 Ra5 19. Qxb4 Ne5 20. Bb5 Qa8 21. a4
Rc8 22. Qd4 Kg8 23. Qxb6 Rc5 24. Rac1 Rxc1 25. Rxc1 Qa7 26. Rc8+ Kg7 27. Qxa7
Rxa7 28. Kf2 f5 29. Kg3 fxe4 30. fxe4 g5 31. h4 h6 32. hxg5 hxg5 33. Rd8 Kf7
34. Be8+ Kf6 35. Bb5 Kf7 36. Rc8 Kf6 37. Rf8+ 1/2-1/2

[Event "27.Schlosspark-Open"]
[Site "Wiesbaden-Biebrich"]
[Date "2015.08.29"]
[Round "4.26"]
[White "Feicht, Arno"]
[Black "Launert, Martin"]
[Result "1-0"]
[WhiteElo "2057"]
[BlackElo "1846"]
[PlyCount "81"]
[EventDate "2015.??.??"]
[WhiteTeam "SC Butzbach"]
[BlackTeam "Sfr. Erbach"]

1. d4 d5 2. Nc3 Nf6 3. Bg5 e6 4. e4 dxe4 5. Nxe4 Be7 6. Bxf6 Bxf6 7. Nf3 O-O 8.
Bc4 b6 9. c3 Bb7 10. Qe2 a5 11. Rd1 Bd5 12. O-O Nd7 13. Rfe1 c6 14. a4 Qc7 15.
Bd3 Bxe4 16. Qxe4 g6 17. Ne5 Bxe5 18. dxe5 Nc5 19. Qg4 Rad8 20. Bc2 Rxd1 21.
Qxd1 Rd8 22. Qe2 Qe7 23. g3 Qg5 24. f4 Qe7 25. Rd1 Rxd1+ 26. Qxd1 Qd7 27. Qxd7
Nxd7 28. Kf2 f6 29. exf6 Nxf6 30. h3 Kf7 31. Ke3 h6 32. Kd4 g5 33. fxg5 hxg5
34. h4 gxh4 35. gxh4 Ng4 36. Be4 e5+ 37. Kc4 Ne3+ 38. Kd3 Nd1 39. Bxc6 Nxb2+
40. Kc2 Nc4 41. Bd5+ 1-0

[Event "27.Schlosspark-Open"]
[Site "Wiesbaden-Biebrich"]
[Date "2015.08.29"]
[Round "4.27"]
[White "Mangei, Jasmin"]
[Black "Fucik, Timo"]
[Result "1/2-1/2"]
[WhiteElo "1867"]
[BlackElo "2033"]
[PlyCount "116"]
[EventDate "2015.??.??"]
[WhiteTeam "SC Untergrombach"]
[BlackTeam "SK Ettlingen"]

1. e4 c5 2. Nf3 d6 3. Bb5+ Bd7 4. Bxd7+ Qxd7 5. O-O Nc6 6. c3 Nf6 7. Re1 e6 8.
d4 cxd4 9. Nxd4 Be7 10. Nd2 O-O 11. N2f3 d5 12. exd5 Nxd5 13. Qe2 Bf6 14. Nc2
Qe7 15. Bd2 Rfd8 16. Rad1 Qc5 17. Be3 Qa5 18. Qc4 Nxe3 19. Nxe3 Qb6 20. Qe2 g6
21. g3 Qa5 22. Qc4 Qb6 23. Qe2 Qa5 24. Qc4 Rac8 25. Qf4 Be5 26. Qh4 Qc7 27. Ng4
Bg7 28. Nh6+ Bxh6 29. Qxh6 f6 30. Qh3 e5 31. Qh4 Qf7 32. Kg2 Kg7 33. Qa4 a6 34.
a3 Qe6 35. Re2 Rxd1 36. Qxd1 Rd8 37. Rd2 Rxd2 38. Qxd2 g5 39. Ne1 e4 40. Nc2
Kg6 41. Ne3 h5 42. Nd5 Qf5 43. Qd1 Kh6 44. c4 Ne5 45. Ne3 Qf3+ 46. Qxf3 exf3+
47. Kf1 Nd3 48. b4 Kg6 49. c5 a5 50. Nc2 Kf5 51. Nd4+ Kg4 52. c6 bxc6 53. Nxc6
axb4 54. axb4 Kh3 55. Nd4 Nxb4 56. Nxf3 g4 57. Nd4 Kxh2 58. Ne6 Nd5 1/2-1/2

[Event "27.Schlosspark-Open"]
[Site "Wiesbaden-Biebrich"]
[Date "2015.08.29"]
[Round "4.28"]
[White "Köllner, Ruben Gideon"]
[Black "Seidel, Jürgen"]
[Result "1-0"]
[WhiteElo "1790"]
[BlackElo "2029"]
[PlyCount "61"]
[EventDate "2015.??.??"]
[WhiteTeam "SV Bergneustadt/Derschlag"]
[BlackTeam "TuS Dotzheim"]

1. d4 d6 2. Nf3 Nf6 3. e3 Nbd7 4. c4 c6 5. Nc3 e5 6. dxe5 dxe5 7. Be2 Be7 8.
O-O O-O 9. Qc2 Qc7 10. b3 Re8 11. Bb2 Nf8 12. Rfd1 Bg4 13. Ne4 N6d7 14. c5 Bf5
15. b4 a5 16. a3 Bg6 17. Qc4 axb4 18. axb4 b6 19. Nd6 Bxd6 20. cxd6 Qb7 21.
Rxa8 Qxa8 22. h4 c5 23. Ng5 h6 24. h5 hxg5 25. hxg6 Nxg6 26. Bh5 b5 27. Qxb5
Nh4 28. Bxf7+ Kxf7 29. Qxd7+ Kg6 30. Qg4 cxb4 31. d7 1-0

[Event "27.Schlosspark-Open"]
[Site "Wiesbaden-Biebrich"]
[Date "2015.08.29"]
[Round "4.29"]
[White "Köllner, Christof"]
[Black "Jordake, Michael"]
[Result "1-0"]
[WhiteElo "2021"]
[BlackElo "1820"]
[PlyCount "111"]
[EventDate "2015.??.??"]
[WhiteTeam "SV Bergneustadt/Derschlag"]
[BlackTeam "SC Bergen-Enkheim"]

1. d4 Nf6 2. Nf3 e6 3. Nbd2 c5 4. e3 Nc6 5. c3 b6 6. Bd3 Bb7 7. O-O Be7 8. e4
cxd4 9. cxd4 O-O 10. a3 Re8 11. Re1 Bf8 12. e5 Nd5 13. Ne4 f5 14. exf6 Nxf6 15.
Bg5 d5 16. Ng3 h6 17. Bf4 Bd6 18. Be5 Bxe5 19. dxe5 Nd7 20. Rc1 a6 21. Bb1 Nf8
22. Nh5 Re7 23. Nf4 Rf7 24. Ng6 Nxg6 25. Bxg6 Rf4 26. Qd3 Ne7 27. h4 Qf8 28.
Rc7 Rb8 29. h5 b5 30. Nd4 Bc8 31. g3 Nxg6 32. gxf4 Nxf4 33. Qf3 Bb7 34. Rec1
Kh8 35. Kf1 Kg8 36. Ne2 Nxe2 37. Qxf8+ Rxf8 38. Kxe2 Rb8 39. Rd7 d4 40. Rcc7
Be4 41. f3 d3+ 42. Ke3 Bf5 43. Rxg7+ Kh8 44. Rgf7 d2 45. Kxd2 Rg8 46. Ke3 Rd8
47. Rcd7 Rc8 48. Rf6 Kg8 49. Rxh6 Rc2 50. Rd2 Rc5 51. Kf4 Kg7 52. Rf6 Rc7 53.
h6+ Kh7 54. Kg5 a5 55. Rf8 b4 56. Rdd8 1-0

[Event "27.Schlosspark-Open"]
[Site "Wiesbaden-Biebrich"]
[Date "2015.08.29"]
[Round "4.30"]
[White "Biehl, Tim"]
[Black "Davidov, Georgi"]
[Result "1-0"]
[WhiteElo "2013"]
[BlackElo "1780"]
[PlyCount "51"]
[EventDate "2015.??.??"]
[WhiteTeam "SVG Saarbrücken"]
[BlackTeam "SC Rotenburg"]

1. e4 e5 2. f4 exf4 3. Nf3 g5 4. Nc3 Bg7 5. g3 fxg3 6. hxg3 g4 7. Nh4 d6 8. d4
Ne7 9. Bc4 c6 10. Bg5 f6 11. Be3 d5 12. Bd3 Be6 13. Qd2 h5 14. O-O-O b5 15.
exd5 Bxd5 16. Nxd5 Qxd5 17. Kb1 Nd7 18. Ng6 Nxg6 19. Bxg6+ Kd8 20. Rhf1 Kc7 21.
Rf5 Qg8 22. d5 Nb6 23. Bf4+ Kd7 24. dxc6+ Kc8 25. Rxb5 Qe6 26. Bf5 1-0